000 00630nam a22002417a 4500
999 _c363885
_d363885
001 77582
003 UA-OsUOA
005 20200211182058.0
007 ta
008 20110919b un ||||| |||| 00| 0 ukr d
020 _a5308003122
040 _aUA-OsUOA
_bukr
_cUA-OsUOA
_dUA-OsUOA
041 _aukr
080 _a821.161.2
090 _a821.161.2
_bО-61
100 _aОпільський Ю.
245 _aЗолотий Лев
_bповісті
260 _aК.
_bДніпро
_c1989
300 _a414 с.
650 7 _a82 Література. Літературознавство
_2UDC
942 _cBK
_2udc
955 _a3